Sports Quiz

Random Sports Quiz

NASCAR Brickyard 400 Starting Lineups (Top 10's) Quiz Stats

 Plays Quiz not verified by Sporcle

Challenge
Share
Tweet
Embed
Score 0/240 Timer 20:00
0 Plays Today
Year Driver % Correct
2014Jeff Gordon
98.1%
1994Dale Earnhardt
97.9%
1994Jeff Gordon
97.9%
1995Jeff Gordon
97.9%
1996Jeff Gordon
97.9%
1997Dale Earnhardt
97.9%
1998Jeff Gordon
97.9%
1999Jeff Gordon
97.9%
2000Dale Earnhardt, Jr.
97.9%
2000Dale Earnhardt
97.9%
2002Dale Earnhardt, Jr.
97.9%
2002Robby Gordon
97.9%
2004Dale Earnhardt, Jr.
97.9%
2005Jeff Gordon
97.9%
2006Robby Gordon
97.9%
2007Dale Earnhardt, Jr.
97.9%
2008Jeff Gordon
97.9%
2009Dale Earnhardt, Jr.
97.9%
2010Jeff Gordon
97.9%
2011Jeff Gordon
97.9%
2012Jeff Gordon
97.9%
2013Jeff Gordon
97.9%
2001Tony Stewart
95.8%
2002Tony Stewart
95.8%
2009Tony Stewart
95.8%
2013Tony Stewart
95.8%
2014Tony Stewart
95.4%
2014Kurt Busch
95.4%
1994Bobby Labonte
95.1%
1995Bobby Labonte
95.1%
1996Terry Labonte
95.1%
1998Terry Labonte
95.1%
1998Bobby Labonte
95.1%
1999Bobby Labonte
95.1%
2000Bobby Labonte
95.1%
2003Kurt Busch
95.1%
2003Bobby Labonte
95.1%
2006Kurt Busch
95.1%
2007Kurt Busch
95.1%
2008Kurt Busch
95.1%
2008Matt Kenseth
95.1%
2011Kurt Busch
95.1%
2011Matt Kenseth
95.1%
2012Kyle Busch
95.1%
2012Matt Kenseth
95.1%
2013Kurt Busch
95.1%
2014Kevin Harvick
94.4%
2014Ryan Newman
94.4%
2015Dale Earnhardt, Jr.
94.4%
2015Kyle Busch
94.4%
2016Kyle Busch
94.4%
2016Denny Hamlin
94.4%
2016Martin Truex, Jr.
94.4%
2016Ryan Newman
94.4%
2017Kyle Busch
94.4%
2017Jimmie Johnson
94.4%
2017Denny Hamlin
94.4%
2017Martin Truex, Jr.
94.4%
2017Ryan Newman
94.4%
1994Bill Elliott
93.7%
1995Bill Elliott
93.7%
1996Bill Elliott
93.7%
1999Bill Elliott
93.7%
2000Bill Elliott
93.7%
2001Bill Elliott
93.7%
2002Bill Elliott
93.7%
2003Bill Elliott
93.7%
2003Jimmie Johnson
93.7%
2004Jimmie Johnson
93.7%
2006Jimmie Johnson
93.7%
2008Jimmie Johnson
93.7%
2009Bill Elliott
93.7%
2010Jimmie Johnson
93.7%
2011Jimmie Johnson
93.7%
2012Jimmie Johnson
93.7%
2013Jimmie Johnson
93.7%
2002Kevin Harvick
93%
2003Kevin Harvick
93%
2006Kevin Harvick
93%
2010Kevin Harvick
93%
Year Driver % Correct
2001Ryan Newman
92.3%
2002Ryan Newman
92.3%
2003Ryan Newman
92.3%
2004Ryan Newman
92.3%
2005Ryan Newman
92.3%
2006Ryan Newman
92.3%
2007Ryan Newman
92.3%
2008Ryan Newman
92.3%
2008Carl Edwards
92.3%
2010Ryan Newman
92.3%
2011Carl Edwards
92.3%
2012Carl Edwards
92.3%
2013Ryan Newman
92.3%
2013Carl Edwards
92.3%
1994Mark Martin
91.6%
1996Mark Martin
91.6%
1998Mark Martin
91.6%
1999Mark Martin
91.6%
2002Mark Martin
91.6%
2005Mark Martin
91.6%
2008Mark Martin
91.6%
2009Mark Martin
91.6%
2010Mark Martin
91.6%
1994Sterling Marlin
90.9%
1995Sterling Marlin
90.9%
2000Rusty Wallace
90.9%
2001Sterling Marlin
90.9%
2002Sterling Marlin
90.9%
2004Sterling Marlin
90.9%
2005Kasey Kahne
90.9%
2005Sterling Marlin
90.9%
2006Kasey Kahne
90.9%
2007Kasey Kahne
90.9%
2008Kasey Kahne
90.9%
2009Kasey Kahne
90.9%
2011Kasey Kahne
90.9%
2013Kasey Kahne
90.9%
2014Kasey Kahne
90.7%
2003Ward Burton
90.2%
2004Ward Burton
90.2%
2006Jeff Burton
90.2%
2006Greg Biffle
90.2%
2007Jeff Burton
90.2%
2007Greg Biffle
90.2%
2007Denny Hamlin
90.2%
2010Greg Biffle
90.2%
2010Jeff Burton
90.2%
2012Denny Hamlin
90.2%
2012Greg Biffle
90.2%
2013Denny Hamlin
90.2%
2014Juan Pablo Montoya
89.8%
1995Michael Waltrip
89.5%
1997Darrell Waltrip
89.5%
1999Michael Waltrip
89.5%
2000Darrell Waltrip
89.5%
2003Michael Waltrip
89.5%
2005Michael Waltrip
89.5%
2007Juan Pablo Montoya
89.5%
2009Juan Pablo Montoya
89.5%
2010Juan Pablo Montoya
89.5%
2011Juan Pablo Montoya
89.5%
2013Juan Pablo Montoya
89.5%
2015Carl Edwards
88.9%
2015Joey Logano
88.9%
2015Tony Stewart
88.9%
2015Kevin Harvick
88.9%
2015Jamie McMurray
88.9%
2016Carl Edwards
88.9%
2016Jamie McMurray
88.9%
2016Kevin Harvick
88.9%
2016Brad Keselowski
88.9%
2016Tony Stewart
88.9%
2017Kevin Harvick
88.9%
2017Jamie McMurray
88.9%
2017Joey Logano
88.9%
2017Ryan Blaney
88.9%
1994Ricky Rudd
88.8%
1997Dale Jarrett
88.8%
1997Ricky Rudd
88.8%
1998Dale Jarrett
88.8%
Year Driver % Correct
1999Dale Jarrett
88.8%
2000Ricky Rudd
88.8%
2000Dale Jarrett
88.8%
2001Ricky Rudd
88.8%
2001Dale Jarrett
88.8%
2005Ricky Rudd
88.8%
2011Brad Keselowski
88.8%
2014Brad Keselowski
88%
2014Joey Logano
86.1%
2004Jamie McMurray
85.3%
2008Jamie McMurray
85.3%
2010Jamie McMurray
85.3%
2012Paul Menard
85.3%
2012Joey Logano
83.9%
2006Clint Bowyer
82.5%
2009Clint Bowyer
82.5%
2010Clint Bowyer
82.5%
1997Ernie Irvan
81.1%
1998Ernie Irvan
81.1%
1994Geoffrey Bodine
80.4%
1994Brett Bodine
80.4%
2000Kyle Petty
80.4%
2001Todd Bodine
80.4%
2004Casey Mears
79%
2007Casey Mears
79%
1995Ken Schrader
78.3%
1996Ken Schrader
78.3%
1997Ken Schrader
78.3%
1999Ken Schrader
78.3%
2014Brian Vickers
77.8%
2015Clint Bowyer
77.8%
1995Jeremy Mayfield
77.6%
2003Jeremy Mayfield
77.6%
2005Jeremy Mayfield
77.6%
1994Rick Mast
76.2%
1995Rick Mast
76.2%
1996Rick Mast
76.2%
2004Brian Vickers
75.5%
2005Brian Vickers
75.5%
2009Brian Vickers
75.5%
1995Joe Nemechek
74.8%
1996Joe Nemechek
74.8%
1997Joe Nemechek
74.8%
2002Joe Nemechek
74.8%
2003Joe Nemechek
74.8%
2004Elliott Sadler
74.8%
2004Joe Nemechek
74.8%
2005Elliott Sadler
74.8%
2008Elliott Sadler
74.8%
2015Kyle Larson
72.2%
2016Kyle Larson
72.2%
1997Mike Skinner
71.3%
1998John Andretti
71.3%
1999Mike Skinner
71.3%
1999John Andretti
71.3%
2000Mike Skinner
71.3%
2002Steve Park
71.3%
1998Ricky Craven
70.6%
2001Ricky Craven
70.6%
2011David Ragan
70.6%
2011AJ Allmendinger
70.6%
2001Jimmy Spencer
69.9%
1995Bobby Hamilton
69.2%
2017Erik Jones
66.7%
1997David Green
65.7%
1998Jeff Green
65.7%
1999David Green
65.7%
2013Marcos Ambrose
65%
2009David Reutimann
61.5%
2007Reed Sorenson
60.8%
2009Reed Sorenson
60.8%
2006JJ Yeley
58%
2012Aric Almirola
58%
1998Kenny Irwin, Jr.
56.6%
1996Lake Speed
55.9%
2001Casey Atwood
51.7%
2015David Ragan
50%
1996Bobby Hillin, Jr.
35.7%
1996Greg Sacks
34.3%
1997Rich Bickle
23.1%

You're not logged in!

Compare scores with friends on all Sporcle quizzes.
Join for Free
OR
Log In

You Might Also Like...

Show Comments

Extras

Created May 8, 2014ReportNominate

Top Quizzes Today


Score Distribution

Your Account Isn't Verified!

In order to create a playlist on Sporcle, you need to verify the email address you used during registration. Go to your Sporcle Settings to finish the process.

Report this User

Report this user for behavior that violates our Community Guidelines.

Details: